000
00322nam a2200133Ia 4500
008
100328s9999 xx 000 0 und d
082
_b
171
100
_a
Galsworthy John
245
_a
The Forstye Saga-I
260
_b
William Heinemann
630
_a
The Forstye Saga-I
730
_a
The Forstye Saga-I
942
_c
BOOK
999
_c
496550
_d
496547